01323cam a22002054a 450000500170000000800410001702000150005804000240007304100080009704200080010508200190011324500630013226000560019530000720025150506950032365000230101865000270104165000180106871000310108620180803165258.0050506s2005 dcua 000 0 eng  a1569735883 aDLCcDLCdCO-BoIAVH0 aeng apcc04a333.9516bW92e00aEcosystems and human well-being :bbiodiversity synthesis. aWashington, DC :bWorld Resources Institute,c2005. av, 86 páginas :bgráficas, ilustraciones a color ;c28 x 22 cm.0 aResumen para responsables de tomar decisiones - Preguntas clave - Biodiversidad: ¿qué es, dónde está y por qué es importante? - ¿Por qué es la pérdida de biodiversidad es una preocupación? - ¿Cuáles son las tendencias y los impulsores de la pérdida de biodiversidad actuales? - ¿Cuál es el futuro de la biodiversidad y los servicios ecosistémicos bajo escenarios plausibles? - ¿Qué opciones de respuesta pueden conservar la biodiversidad y promover el bienestar humano? - ¿Cuáles son las perspectivas de reducción de la tasa de pérdida de biodiversidad para 2010 o más allá, y otras implicaciones para la convención sobre la diversidad biológica? 4aEcología humana. 4aEcosistemasxGestión 6aBiodiversidad2 aWorld Resources Institute.